Untersuchungen zu pWestcar : eine philologische und literaturwissenschaftliche (Neu)-Analyse /
المؤلف الرئيسي:
التنسيق: كتاب
اللغة:
German
Ancient Egyptian
منشور في:
Wiesbaden :
Harrassowitz,
2008.
سلاسل:
Agyptologische Abhandlungen ;
70.
AA ;
70.
الموضوعات:
الوسوم: إضافة وسم
رقم الطلب: DT57 .A31 v.70
| LEADER | 01248namaa2200337 4500 | ||
|---|---|---|---|
| 001 | 15960 | ||
| 003 | OSt | ||
| 005 | 20250519070808.0 | ||
| 008 | 130303s2008 gw a g b 000 0 ger d | ||
| 020 | |a 3447056517 | ||
| 020 | |a 9783447056519 | ||
| 040 | |c ARCE Library | ||
| 041 | 0 | |a ger |a egy | |
| 050 | 4 | |a DT57 .A31 v.70 | |
| 100 | 1 | |a Lepper, Verena M., |e author | |
| 245 | 1 | 0 | |a Untersuchungen zu pWestcar : |b eine philologische und literaturwissenschaftliche (Neu)-Analyse / |c Verena M. Lepper ; mit Abbildungen und einer Audio-Mp3-Datei der Performance des Textes auf CD-ROM. |
| 246 | 3 | |a Untersuchungen zu Papyrus Westcar. | |
| 264 | 1 | |a Wiesbaden : |b Harrassowitz, |c 2008. | |
| 300 | |a xii, 339 pages : |b illustrations ; |c 24 cm. + |e 1 CD-ROM (4 3 /4 in.). | ||
| 490 | 1 | |a Agyptologische Abhandlungen ; |v 70. | |
| 490 | 1 | |a AA ; |v 70. | |
| 504 | |a Includes bibliographical references. | ||
| 546 | |a Includes texts in ancient Egyptian. | ||
| 630 | 0 | 0 | |a Papyrus Westcar |x Criticism, interpretation, etc. |l |
| 650 | 0 | |a Egyptian literature |x History and criticism. | |
| 650 | 0 | |a Egyptian language |v Papyri. | |
| 830 | 0 | |a Agyptologische Abhandlungen ; |v 70. | |
| 830 | 0 | |a AA ; |v 70. | |
| 901 | |a reviewed | ||
| 942 | |c BK |2 lcc | ||
| 999 | |c 15722 |d 15722 | ||
